Medical mysteries /

Diseases

Bibliographic Details
Main Author: Howell, Michael
Other Authors: Ford, Peter, 1936-
Format: Book
Language:English
Published: London : Viking, 1985.
Subjects:

MARC

Tag First Indicator Second Indicator Subfields
LEADER 00000pam a2200000 a 4500
001 in00004459028
005 20191202121334.0
008 860106s1985 enkaf b 00110 eng d
010 |a gb 85029840  
015 |a GB85-29840 
020 |a 0670802204 :  |c £10.95 
035 |a (OCoLC)12520818 
035 |9 AAB3506MS 
035 |z (UtOrBLW)5148 
035 |a 7823 
040 |a UKM  |c UKM  |d TMV  |d UtOrBLW 
049 |a TMVM  |c 1 
050 1 0 |a R133 
059 |l MS/BOOK STKS  |v 4  |z 4  |t BOOK  |k CIRCULATING  |i 3238900224998  |n NL  |a WZ 305  |b H859m 1985 
060 4 |a WZ 305  |b H859m 1985 
100 1 |a Howell, Michael. 
245 1 0 |a Medical mysteries /  |c Michael Howell and Peter Ford. 
264 1 |a London :  |b Viking,  |c 1985. 
300 |a 386 pages, 8 unnumbered leaves of plates :  |b illustrations ;  |c 24 cm. 
336 |a text  |2 rdacontent  |b txt 
337 |a unmediated  |2 rdamedia 
338 |a volume  |2 rdacarrier  |b nc 
500 |a Includes index. 
504 |a Bibliography: pages [371]-375. 
520 8 |a Diseases 
520 8 |a Wounds and injuries 
650 2 |a History of Medicine  |v Anecdotes. 
700 1 |a Ford, Peter,  |d 1936- 
940 |a copy plain 
999 |a MARS 
999 f f |s 7028ac83-c771-3f14-b420-01f96c23ba44  |i 5463cffa-b464-3240-98fa-dafe7ce57720  |t 0 
952 f f |p ric  |a Texas A&M University  |b Rellis Campus  |c Joint Library Facility  |d Remote Storage  |t 0  |e WZ 305 H859m 1985  |h National Library of Medicine classification  |i unmediated -- volume  |m 3238900224998 
998 f f |a WZ 305 H859m 1985  |t 0  |l Remote Storage